Statistics for Top 15 Countries with Covid-19 Cases - 4 August 2021

Click here to take the quiz!

General Stats

  • This quiz has been taken 18 times
  • The average score is 17 of 27

Answer Stats

country% Correct
France
100%
India
100%
Russia
100%
Spain
100%
United Kingdom
100%
United States
100%
Brazil
94%
Italy
94%
Germany
89%
Argentina
83%
Poland
83%
Indonesia
78%
Iran
72%
Colombia
67%
Portugal
67%
Belgium
61%
Turkey
56%
Netherlands
50%
Czechia
44%
Sweden
39%
Slovenia
33%
Bahrain
22%
Georgia
17%
Estonia
11%
Lithuania
11%
Panama
11%
Uruguay
11%

Score Distribution

Percentile by Number Answered

Percent of People with Each Score

Your Score History

You have not taken this quiz